Central Library || Chittagong University

Marx : (Record no. 110871)

MARC details
000 -LEADER
fixed length control field 00467nam a22001697a 4500
003 - CONTROL NUMBER IDENTIFIER
control field BD-ChCU
005 - DATE AND TIME OF LATEST TRANSACTION
control field 20260111120902.0
008 - FIXED-LENGTH DATA ELEMENTS--GENERAL INFORMATION
fixed length control field 260111b bg ||||| |||| 00| 0 ben d
040 ## - CATALOGING SOURCE
Transcribing agency BD-ChCU
082 ## - DEWEY DECIMAL CLASSIFICATION NUMBER
Classification number 335.4 SUM
100 ## - MAIN ENTRY--PERSONAL NAME
Personal name Suchtion , W.A.
9 (RLIN) 18917
245 ## - TITLE STATEMENT
Title Marx :
Remainder of title an introduction ./
Statement of responsibility, etc. W.A. Suchtiong .
260 ## - PUBLICATION, DISTRIBUTION, ETC.
Place of publication, distribution, etc. Brighton :
Name of publisher, distributor, etc. Wheatsheaf books ,
Date of publication, distribution, etc. C 1983
300 ## - PHYSICAL DESCRIPTION
Extent xxii , 242p
650 #0 - SUBJECT ADDED ENTRY--TOPICAL TERM
Topical term or geographic name entry element Communism . Sociolosm .
9 (RLIN) 18921
942 ## - ADDED ENTRY ELEMENTS (KOHA)
Source of classification or shelving scheme Dewey Decimal Classification
Koha item type Books
Suppress in OPAC No
Holdings
Withdrawn status Lost status Source of classification or shelving scheme Damaged status Not for loan Home library Current library Shelving location Date acquired Source of acquisition Total Checkouts Full call number Barcode Date last seen Copy number Price effective from Koha item type
    Dewey Decimal Classification     Chittagong University Library Chittagong University Library Business and Social Science Reading Room 01/11/2026 Purchase   335.4 SUM 144028 01/11/2026 C-1 01/11/2026 Books
© Copyright 2026. Chittagong University Library, Installation and Maintenance by Prof. Dr. Md. Alamgir, 01711306253